Loading...
| Religion | 0 | 3 | 2 | 0 | 20 | 75 | 102.00 | 0 | 2 | 0.00 | 0.00 |
| History - Other | 0 | 1 | 0 | 0 | 10 | 80 | 80.00 | 1 | 1 | 0.00 | 0.00 |
| Literature - World | 0 | 1 | 0 | 0 | 10 | 79 | 79.00 | 0 | 1 | 0.00 | 0.00 |
| Literature - British | 0 | 1 | 0 | 0 | 10 | 144 | 144.00 | 0 | 0 | 0.00 | 0.00 |
| History - European | 0 | 1 | 0 | 0 | 10 | 43 | 43.00 | 1 | 1 | 0.00 | 0.00 |
| Science - Physics | 0 | 1 | 1 | 1 | 5 | 129 | 129.00 | 0 | 0 | 0.00 | 0.00 |
| Fine Arts - Other | 0 | 0 | 0 | 0 | 0 | 0.00 | 0 | 0 | 0.00 | 0.00 | |
| Fine Arts - Classical Music | 0 | 0 | 0 | 0 | 0 | 0.00 | 0 | 0 | 0.00 | 0.00 | |
| Other Academic | 0 | 0 | 1 | 0 | -5 | 0.00 | 0 | 0 | 0.00 | 0.00 | |
| Philosophy | 0 | 0 | 1 | 0 | -5 | 0.00 | 0 | 0 | 0.00 | 0.00 | |
| Science - Chemistry | 0 | 0 | 1 | 0 | -5 | 0.00 | 0 | 0 | 0.00 | 0.00 | |
| History - American | 0 | 0 | 1 | 0 | -5 | 0.00 | 0 | 0 | 0.00 | 0.00 | |
| Fine Arts - Painting and Sculpture | 0 | 0 | 1 | 0 | -5 | 0.00 | 0 | 0 | 0.00 | 0.00 | |
| Pop Culture | 0 | 0 | 2 | 0 | -10 | 0.00 | 0 | 0 | 0.00 | 0.00 |